000
00183nam a2200073Ia 4500
008
170817s9999 xx 000 0 und d
100
_a
SHARMA A.
245
0
_a
TEACHING IN HIGHER EDUCATION
260
_b
COMMONWEALTH PUB
999
_c
37730
_d
37730